Manual of business and procedure in the council of state (Record no. 396901)

000 -LEADER
fixed length control field 00357cam a22001097a 4500
008 - FIXED-LENGTH DATA ELEMENTS--GENERAL INFORMATION
fixed length control field 180718b1938 xxu||||| |||| 00| 0 eng d
082 ## - DEWEY DECIMAL CLASSIFICATION NUMBER
Classification number G5x54 In2c
245 ## - TITLE STATEMENT
Title Manual of business and procedure in the council of state
Statement of responsibility, etc. by Legislative Department
260 ## - PUBLICATION, DISTRIBUTION, ETC.
Place of publication, distribution, etc. Delhi
Name of publisher, distributor, etc. Manager of Publications
Date of publication, distribution, etc. 1938
300 ## - PHYSICAL DESCRIPTION
Extent 149+p
700 ## - ADDED ENTRY--PERSONAL NAME
Personal name India. Legislative Department
Holdings
Withdrawn status Lost status Damaged status Not for loan Permanent Location Current Location Date acquired Full call number Barcode Date last seen Price effective from Koha item type
        Indian Institute of Public Administration Indian Institute of Public Administration 2001-05-24 G5x54 In2c 19487 2018-07-21 2018-07-21 Book

Powered by Koha